000 00662cab a2200253 4500
001 X242
008 090401t1992 xxu||||| |||| 00| 0 eng d
035 _a(Sirsi) u97680
041 _aeng
245 _aDisciplinary notice
260 _c1992
350 _a0
490 _aCSM (Chartered Surveyor Monthly)
_v2(3) November 1992, 9(1)
650 _aJR THEODOSIOU & CO
650 _aRICS MEMBERS' ACCOUNTS RULES
650 _aPROFESSIONAL CONDUCT
650 _aSUSPENSION
650 _aTHEODOSIOU
650 _aTILEY
650 _aTRAVIS TILEY
690 _aMANAGEMENT-BUSINESS MANAGEMENT-PROFESSIONAL PRACTICE
942 _n0
948 _c04/03/1997
999 _c59640
_d59640